• 首页
  • 本馆介绍
  • 公告通知
  • 最新文献
  • 馆藏检索
  • 电子资源
  • 读者导购
  • 参考咨询
  • 我的图书馆
  • 登录
  • 详细信息显示
  • 放入我的书架
  • 预约/预借图书
  • 作者相关作品
  • 分类相关作品
  • 丛书相关作品
  • 出版社相关作品

书目信息

  • 表格格式
  • 工作单格式
  • 卡片格式
题名:
服装店展示设计宝典
    
 
作者: 吴爱莉 , 马跃跃 主编
分册:  
出版信息: 北京   化学工业出版社  2013.01
页数: 187页
开本: 24cm
丛书名:
单 册:
中图分类: J525.2
科图分类:
主题词: 服装--商店--陈列设计 , 服装 , 陈列设计
电子资源:
ISBN: 978-7-122-15321-0
000 01031nam0 2200265 450
001 010010107951
005 20130627155020.06
010    @a978-7-122-15321-0@dCNY49.80
100    @a20121212d2013 em y0chiy50 ea
101 0  @achi
102    @aCN@b110000
105    @aa z 000yy
106    @ar
200 1  @a服装店展示设计宝典@9fu zhuang dian zhan shi she ji bao dian@f吴爱莉,马跃跃主编
210    @a北京@c化学工业出版社@d2013.01
215    @a187页@c图@d24cm
330    @a本书分五部分,介绍了服装店展示设计的思路和方式方法。第一部分介绍了设计前应该做的工作以及服装店建筑设计师的不同风格;第二部分分析了服装店展示设计的新形式。第三部分为服装店展示设计新作集锦;第四部分为服装店展示设计的前瞻理念;第五部分为附录,收录了宝贵的服装店展示设计常用数据资料集和背景音乐的灵性。
606 0  @a服装@x商店@x陈列设计
606 0  @a服装
606 0  @a陈列设计
690    @aJ525.2@v5
701  0 @a吴爱莉@9wu ai li@4主编
701  0 @a马跃跃@9ma yue yue@4主编
801  0 @aCN@bRENTIAN@c20121212
905    @b547052-55@dJ525.2@e328@f4
    
    服装店展示设计宝典/吴爱莉,马跃跃主编.-北京:化学工业出版社,2013.01
    187页:图;24cm
    
    
    ISBN 978-7-122-15321-0:CNY49.80
    本书分五部分,介绍了服装店展示设计的思路和方式方法。第一部分介绍了设计前应该做的工作以及服装店建筑设计师的不同风格;第二部分分析了服装店展示设计的新形式。第三部分为服装店展示设计新作集锦;第四部分为服装店展示设计的前瞻理念;第五部分为附录,收录了宝贵的服装店展示设计常用数据资料集和背景音乐的灵性。
●
相关链接 在E读中查询图书 在五车中查询图书 在当当中查询图书 在豆瓣中查询图书


正题名:服装店展示设计宝典     索取号:J525.2/328         预约/预借

序号 登录号 条形码 馆藏地/架位号 状态 备注
1 547052   205470523   第一样本阅览室/ [索取号:J525.2/328] 在馆    
2 547053   205470532   第一借阅区/ [索取号:J525.2/328] 在馆    
3 547054   205470541   第一借阅区/ [索取号:J525.2/328] 在馆    
4 547055   205470550   第一借阅区/ [索取号:J525.2/328] 在馆    
唐山师范学院图书馆 欢迎您!
大连网信软件有限公司© 版权所有